ბათუმის შოთა რუსთაველის სახელმწიფო უნივერსიტეტის ბიბლიოთეკა

ზოგადი ემბრიოლოგიის მოკლე კურსი. (ბიბ.ჩანაწერი № 45000)

000 -LEADER
fixed length control field 00671nam a2200205Ia 4500
001 - CONTROL NUMBER
control field 11821
003 - CONTROL NUMBER IDENTIFIER
control field GE_BSU
008 - FIXED-LENGTH DATA ELEMENTS--GENERAL INFORMATION
fixed length control field 181216s||||||||xx |||||||||||||| ||und||
040 ## - CATALOGING SOURCE
Transcribing agency GE_BSU
100 ## - MAIN ENTRY--PERSONAL NAME
Personal name ჩხარტიშვილი,შ.
245 ## - TITLE STATEMENT
Title ზოგადი ემბრიოლოგიის მოკლე კურსი.
245 ## - TITLE STATEMENT
Statement of responsibility, etc. რედ:კ.დავიდოვა.
260 ## - PUBLICATION, DISTRIBUTION, ETC.
Place of publication, distribution, etc. თბილისი
260 ## - PUBLICATION, DISTRIBUTION, ETC.
Name of publisher, distributor, etc. განათლება
260 ## - PUBLICATION, DISTRIBUTION, ETC.
Date of publication, distribution, etc. 1987
300 ## - PHYSICAL DESCRIPTION
Extent 108გვ;21სმ.
300 ## - PHYSICAL DESCRIPTION
Other physical details ილ.
653 ## - INDEX TERM--UNCONTROLLED
Uncontrolled term ზოგადი ემბრიოლოგიის მოკლე კურსი.
942 ## - ADDED ENTRY ELEMENTS (KOHA)
Koha item type წიგნი
ეგზემპლარები
Withdrawn status Lost status Damaged status Not for loan Date acquired Barcode Date last seen Price effective from Koha item type
        2018-12-17 20360 2018-12-17 2018-12-17 წიგნი
        2018-12-17 20361 2018-12-17 2018-12-17 წიგნი
        2018-12-17 20362 2018-12-17 2018-12-17 წიგნი
        2018-12-17 20363 2018-12-17 2018-12-17 წიგნი
        2018-12-17 20364 2018-12-17 2018-12-17 წიგნი